00375nam a2200157 a 45000010005000000030009000050080041000140400028000550820009000831000019000922450032001112500007001432600030001503000014001806500023001943574CO-ViMGA141112s2004 ck r 000 u spa d aCO-ViMGAbspacCO-ViMGA04aSEMu1 aSempere, Vicky10a1.2.3 Un cuento para contar a3a aCaracas : bEkare, c1990 a24 p : il14aCUENTOS INFANTILES